Third Most Popular Language in Every Country (with a map) - Statistics

General Stats
  • This quiz has been taken 808 times
    799 since last reset
  • The average score is 99 of 196
Answers on the Map
Answers color-coded by a green-red scale on the quiz's map according to % correct below.
 
Answer Stats
Country Language % Correct
Barbados French/Spanish
99%
Argentina | Cape Verde | Dominican Republic | +19 others English
98%
Cameroon | Egypt | Italy | +6 others French
98%
Brunei | Malaysia | Myanmar | +2 others Chinese
97%
Armenia | Finland | Kyrgyzstan | Mongolia Russian
97%
Andorra | Antigua and Barbuda | Haiti Spanish
97%
Australia | Maldives | Tanzania Arabic
95%
Uruguay Portuguese
95%
Fiji Hindi–Urdu
91%
Belgium | Chile | Hungary | Paraguay German
87%
United Arab Emirates Hindi
86%
Grenada Hindi/Bhojpuri
86%
Czech Republic | Lithuania Polish
86%
Liechtenstein | North Macedonia Turkish
86%
Croatia | Malta | Monaco | +2 others Italian
84%
Marshall Islands | North Korea Japanese
84%
Japan Korean
81%
Indonesia Dutch
79%
United Kingdom Irish
77%
Bahrain Persian
77%
Belarus | Bulgaria | Romania | Slovakia Romani
77%
Estonia Ukrainian
77%
Austria | Kosovo | Slovenia Serbian
71%
Equatorial Guinea Bube
70%
Iceland Danish
67%
Thailand Mandarin
67%
Burundi | Democratic Republic of the Congo Swahili
65%
South Africa Afrikaans
63%
Cyprus | Ukraine Romanian
62%
Afghanistan | Turkmenistan Uzbek
62%
Tunisia Berber
61%
Bosnia and Herzegovina Croatian
61%
Morocco Tamazight (Berber)
61%
Algeria Shawiya (Berber)
60%
Azerbaijan | Georgia | Syria Armenian
58%
Iran Kurdish
57%
Canada Punjabi
57%
China Wu
55%
Montenegro | Serbia Bosnian
53%
Bhutan Lhotshamkha (Nepali)
53%
Singapore Malay
53%
Uzbekistan Tajik
53%
Lesotho Zulu
49%
Mauritania Soninke
48%
Tajikistan Kyrgyz
46%
Iraq Turkmen
46%
Greece Bulgarian
44%
India Marathi
44%
Djibouti | Ethiopia Somali
43%
Cuba Galician/Corsican
42%
Nigeria Yoruba
41%
Bolivia | Peru Aymara
40%
Palau Filipino
40%
Spain Galician
39%
Norway Sami
31%
Denmark Greenlandic
29%
Bahamas Haitian Creole (French Creole)
28%
Russia Chechen
24%
Burkina Faso | Mali Fula
20%
Guinea-Bissau | Senegal Pular
20%
New Zealand | Tuvalu Samoan
20%
Oman Balochi
19%
Ireland Scots
19%
Suriname Sranang Tongo (English Creole)
19%
Gambia Wolof
19%
Belize Belizean Creole (English Creole)
18%
Nauru Nauruan Pidgin English
18%
Zambia Tonga
18%
Saint Vincent and the Grenadines Vincentian French Creole
17%
Taiwan Hakka
17%
Dominica Kokoy Creole (English Creole)
17%
Angola Kongo
17%
Trinidad and Tobago Tobagonian Creole (English Creole)
17%
Malawi Chinyanja
14%
Portugal Mirandese
14%
Poland Kashubian
13%
Moldova Gagauz
12%
São Tomé and Príncipe Cape Verdean Creole (Portuguese Creole)
11%
Papua New Guinea Hiri Motu
11%
Albania Aromanian
10%
Central African Republic Sango
10%
Mozambique Tsonga
10%
Saint Kitts and Nevis American Sign Language
8%
Comoros Comorian
8%
Kiribati Tuvaluan
8%
Jamaica Jamaican Sign Language
7%
Netherlands Limburgish
7%
Samoa Samoan Sign Language
7%
Sudan Nubian
6%
Chad Sara
6%
Jordan Adyghe
5%
Nepal Bhojpuri
5%
Latvia Latgalian
5%
Saudi Arabia Mehri
5%
Pakistan Saraiki
5%
Turkey Zaza
5%
Namibia Khoekhoe
4%
France Picard
4%
Bangladesh Sylheti
4%
Cambodia Cham
3%
Brazil Hunsrik
2%
Federated States of Micronesia Kosraean
2%
Guinea Maninka
2%
Guatemala Q’eqchi’
2%
Solomon Islands ’Are’are
1%
Benin Bariba
1%
Costa Rica Cabécar
1%
Mexico Ch‘ol
1%
Ivory Coast Dyula
1%
Ghana Fante
1%
Liberia Grebo
1%
Panama Guaymí
1%
Togo Kabiye
1%
Kenya Kalenjin
1%
Botswana Kgalagadi
1%
East Timor Makasae
1%
Gabon Myene
1%
Tonga Niuafo’ou
1%
Colombia Paez
1%
El Salvador Qʼeqchiʼ
1%
Yemen Rāziḥī
1%
Ecuador Shuar
1%
Uganda Soga
1%
Nicaragua Sumo
1%
Republic of the Congo Suundi
1%
Sierra Leone Temne
1%
Guyana Wapishana
1%
Venezuela Warao
1%
South Sudan Zande
1%
Niger Zarma
1%
No matching quizzes found
Score Distribution
Percent of People with Each Score
Percentile by Number Answered
Your Score History
You have not taken this quiz since the last reset